Biggest Country by Area - First Letter - Statistics

General Stats
  • This quiz has been taken 162 times
  • The average score is 19 of 24
Answer Stats
First Letter Country % Correct
C Canada
96%
R Russia
96%
B Brazil
95%
U United States
93%
I India
92%
A Australia
91%
Q Qatar
91%
Y Yemen
91%
O Oman
88%
F France
87%
Z Zambia
87%
J Japan
84%
K Kazakhstan
81%
V Venezuela
81%
E Ethiopia
76%
G Germany
76%
M Mexico
76%
D Democratic Republic of the Congo
74%
N Niger
67%
H Honduras
66%
L Libya
62%
P Peru
59%
S Saudi Arabia
57%
T Tanzania
50%
No matching quizzes found
Score Distribution
Percent of People with Each Score
Percentile by Number Answered
Your Score History
You have not taken this quiz